[Event "26th EUR-ch"]
[Site "Katowice POL"]
[Date "2026.04.09"]
[Round "3.45"]
[White "Agdelen, Huseyin Can"]
[Black "Amar, Elham"]
[Result "1/2-1/2"]
[WhiteElo "2405"]
[BlackElo "2586"]
[EventDate "2026.04.07"]
[PlyCount "102"]

1.e4 c5 2.Nf3 Nc6 3.Nc3 e6 4.d4 cxd4 5.Nxd4 a6 6.Be2 Qc7 7.Nxc6 dxc6 8.O-O
e5 9.f4 Bd6 10.f5 Bc5+ 11.Kh1 Nf6 12.Qd3 O-O 13.Bg5 Be7 14.Qg3 Rd8 15.Bh6 
Bf8 16.Bg5 Be7 17.Bh6 Bf8 18.Bg5 Qe7 19.Rad1 Bd7 20.Rf3 Be8 21.Rfd3 Rxd3 
22.Rxd3 b5 23.Bf3 Kh8 24.Nd1 h6 25.Qh4 Kg8 26.Bxf6 Qxf6 27.Qxf6 gxf6 28.
Ne3 Bc5 29.Kg1 a5 30.Kf1 a4 31.Bh5 Be7 32.Ng4 Kg7 33.Rg3 Kh7 34.Rd3 Ra7 
35.Ke1 b4 36.Rh3 Ra8 37.Rd3 Ra7 38.Rh3 Ra8 39.Rd3 Bd8 40.Rh3 Kg7 41.Rg3 
Kh7 42.Kd1 c5 43.Ne3 Ra7 44.Nd5 Bc6 45.Be2 Bxd5 46.exd5 Rd7 47.Bb5 Rxd5+ 
48.Rd3 Rxd3+ 49.cxd3 a3 50.bxa3 bxa3 51.Ke2 Bc7 1/2-1/2

[Event "26th EUR-ch"]
[Site "Katowice POL"]
[Date "2026.04.09"]
[Round "3.46"]
[White "Petrosian, Manuel"]
[Black "Medhus, Vitus Bondo"]
[Result "1/2-1/2"]
[WhiteElo "2584"]
[BlackElo "2401"]
[EventDate "2026.04.07"]
[PlyCount "199"]

1.e4 c5 2.Nf3 d6 3.Bb5+ Nd7 4.c3 Nf6 5.Bd3 e5 6.O-O g6 7.Bc2 Bg7 8.d4 O-O 
9.Re1 b5 10.dxe5 Nxe5 11.Nxe5 dxe5 12.Qxd8 Rxd8 13.Be3 Bb7 14.a4 Nxe4 15.
axb5 Nd6 16.Na3 Rdc8 17.Rad1 Bf8 18.Bh6 Bxh6 19.Rxd6 Rc7 20.Be4 Bxe4 21.
Rxe4 f5 22.Ra4 Rb8 23.Rd1 e4 24.Kf1 Kf7 25.Ke2 Ke6 26.Ra6+ Ke7 27.h4 Bf8 
28.h5 Kf7 29.hxg6+ hxg6 30.Ra4 Ke6 31.Ra6+ Kf7 32.Ra4 Ke6 33.Ra1 Rb6 34.g3
Be7 35.Nc4 Rxb5 36.Ra6+ Kf7 37.Rxa7 Rxa7 38.Rxa7 Ke6 39.Ra6+ Kd5 40.Ne3+ 
Ke5 41.Rxg6 Rxb2+ 42.Kf1 Rb7 43.Rh6 Bg5 44.Nc4+ Kd5 45.Nb6+ Ke5 46.Rc6 Be7
47.Ke2 f4 48.gxf4+ Kxf4 49.Nd5+ Ke5 50.Nxe7 Rxe7 51.Rxc5+ Kf4 52.Rc8 Rd7 
53.Rg8 Rd6 54.Rg7 Rd8 55.Rc7 Rd6 56.Rf7+ Ke5 57.Rf8 Rd7 58.Rh8 Rd6 59.Rh3 
Rd8 60.Rg3 Rd7 61.Rg1 Kf4 62.Rc1 Re7 63.Rh1 Rd7 64.Rh4+ Ke5 65.Rg4 Rd8 66.
Rg7 Rd6 67.Rg1 Kf4 68.Rc1 Re6 69.Rc2 e3 70.Kd3 Rd6+ 71.Kc4 Rd8 72.fxe3+ 
Kxe3 73.Rh2 Rc8+ 74.Kb3 Rb8+ 75.Kc2 Ke4 76.Rd2 Rc8 77.Rd7 Ke5 78.Kd3 Rc6 
79.Rd8 Ke6 80.Rd4 Ke7 81.Rd5 Ke6 82.Rd8 Ke7 83.Rd4 Ke6 84.Kc2 Rd6 85.Rc4 
Rb6 86.Kd3 Rd6+ 87.Ke4 Rd1 88.Ra4 Kd7 89.Rd4+ Rxd4+ 90.Kxd4 Kd6 91.Kc4 Kc6
92.Kb4 Kb6 93.c4 Kc6 94.c5 Kc7 95.Kb5 Kb7 96.c6+ Kc7 97.Kc5 Kc8 98.Kb6 Kb8
99.c7+ Kc8 100.Kc6 1/2-1/2

[Event "26th EUR-ch"]
[Site "Katowice POL"]
[Date "2026.04.09"]
[Round "3.47"]
[White "Socko, Bartosz"]
[Black "Czernek, Tymon"]
[Result "1/2-1/2"]
[WhiteElo "2584"]
[BlackElo "2401"]
[EventDate "2026.04.07"]
[PlyCount "210"]

1.d4 Nf6 2.c4 e6 3.Nf3 d5 4.g3 dxc4 5.Bg2 a6 6.O-O Nc6 7.Nc3 Bb4 8.Ne5 
Nxe5 9.Qa4+ Ned7 10.Qxb4 Nb6 11.Bf4 Nh5 12.Be3 Nf6 13.Bf4 Nh5 14.Rfd1 Nxf4
15.gxf4 Qd6 16.Qxd6 cxd6 17.a4 a5 18.b3 cxb3 19.Rdb1 Nc4 20.Rxb3 Rb8 21.
Bc6+ Bd7 22.Rxb7 Rxb7 23.Bxb7 Ke7 24.Ba6 Nb6 25.Kf1 Ra8 26.Bb5 Rc8 27.Ra3 
Nc4 28.Bxc4 Rxc4 29.e3 Rb4 30.Kg2 Bc6+ 31.Kg3 f5 32.h4 Kf6 33.Kh2 e5 34.d5
Be8 35.Kg3 exf4+ 36.exf4 h6 37.Kf3 g5 38.hxg5+ hxg5 39.fxg5+ Kxg5 40.Ke3 
f4+ 41.Kd2 Kf5 42.Ra1 Rb2+ 43.Kd3 Bg6 44.Re1 Rxf2 45.Ne2 f3 46.Nd4+ Kf4+ 
47.Kc4 Ra2 48.Nxf3 Kxf3 49.Re6 Rxa4+ 50.Kb5 Bc2 51.Rxd6 Ra3 52.Rh6 Kf4 53.
d6 Bf5 54.Rf6 Ke5 55.Rf7 Be6 56.Ra7 Kxd6 57.Rxa5 Rb3+ 58.Ka4 Rb1 59.Ra6+ 
Ke5 60.Ka5 Bd5 61.Rb6 Ra1+ 62.Kb4 Kd4 63.Rb5 Bc4 64.Rb6 Rh1 65.Rd6+ Bd5 
66.Rb6 Rb1+ 67.Ka5 Ra1+ 68.Kb4 Rg1 69.Kb5 Rc1 70.Kb4 Rc5 71.Rh6 Rc1 72.
Rh4+ Be4 73.Rg4 Rb1+ 74.Ka4 Rb8 75.Rh4 Kd5 76.Ka3 Bd3 77.Rb4 Rc8 78.Rh4 
Be4 79.Rg4 Kd4 80.Ka4 Re8 81.Kb4 Rh8 82.Rf4 Rb8+ 83.Ka4 Ke5 84.Rh4 Bd5 85.
Ka3 Kd6 86.Rb4 Rg8 87.Kb2 Kc5 88.Rh4 Bc4 89.Kc3 Rg3+ 90.Kd2 Bd3 91.Rh8 Be4
92.Rc8+ Kd4 93.Rd8+ Bd5 94.Rd7 Rd3+ 95.Ke2 Rg3 96.Kd2 Rg2+ 97.Kd1 Ke4 98.
Kc1 Bc6 99.Rd2 Rg8 100.Rd6 Rc8 101.Kd2 Ba4 102.Re6+ Kd5 103.Rh6 Bc6 104.
Ke3 Re8+ 105.Kd2 Ke5 1/2-1/2

[Event "26th EUR-ch"]
[Site "Katowice POL"]
[Date "2026.04.09"]
[Round "3.48"]
[White "Pichot, Alan"]
[Black "Salimova, Nurgyul"]
[Result "1-0"]
[WhiteElo "2581"]
[BlackElo "2399"]
[EventDate "2026.04.07"]
[PlyCount "111"]

1.e4 e5 2.Nf3 Nc6 3.Bc4 Nf6 4.d3 Be7 5.O-O O-O 6.Nc3 d6 7.a4 Na5 8.Ba2 c5 
9.Bg5 Nc6 10.Bxf6 Bxf6 11.Nd5 Be6 12.c3 g6 13.Qd2 Bg7 14.Rfb1 Ne7 15.Nxe7+
Qxe7 16.b4 Rad8 17.Bxe6 fxe6 18.Qe3 Rd7 19.bxc5 dxc5 20.c4 Rc8 21.a5 Rc6 
22.Ra3 Qd8 23.h4 h6 24.Rb5 b6 25.axb6 axb6 26.g3 Rcd6 27.Ne1 Kh7 28.Qe2 h5
29.Ra6 Rf7 30.Rb3 Bf6 31.Nf3 Rfd7 32.Kg2 Rb7 33.Qc2 Qd7 34.Qb1 Qc6 35.Rba3
Rbd7 36.Ra7 Kg7 37.R3a6 Rxa7 38.Rxa7+ Rd7 39.Ra6 Rb7 40.Kf1 Qd7 41.Ke2 Qd6
42.Qb5 Rd7 43.Qb3 Bd8 44.Qa3 Bf6 45.Ne1 Rf7 46.Qb2 Rb7 47.Qb5 Bd8 48.Ra8 
Rf7 49.Qe8 Qd4 50.Nf3 Qb2+ 51.Kf1 Qc1+ 52.Kg2 Qd1 53.Ng1 Qd2 54.Nh3 Qxd3 
55.Rxd8 Qxe4+ 56.Kh2 1-0

[Event "26th EUR-ch"]
[Site "Katowice POL"]
[Date "2026.04.09"]
[Round "3.49"]
[White "Finek, Vaclav"]
[Black "Sukiasian, Vahe A."]
[Result "1-0"]
[WhiteElo "2571"]
[BlackElo "2395"]
[EventDate "2026.04.07"]
[PlyCount "89"]

1.d4 Nf6 2.c4 e6 3.Nc3 Bb4 4.e3 O-O 5.Ne2 d5 6.a3 Be7 7.cxd5 exd5 8.Nf4 c6
9.Bd3 b6 10.O-O Bd6 11.f3 Re8 12.h3 Ba6 13.Bxa6 Nxa6 14.Qd3 Nc7 15.e4 Bxf4
16.Bxf4 Ne6 17.Be5 Rc8 18.Rad1 Nd7 19.Bh2 dxe4 20.fxe4 Qe7 21.Kh1 Red8 22.
e5 Ndf8 23.Qe3 Qg5 24.Qf2 Qg6 25.Rfe1 Rc7 26.Bg3 Rcd7 27.Bh4 Rb8 28.Ne4 
Nc5 29.Nxc5 bxc5 30.dxc5 Rxd1 31.Rxd1 a5 32.Kh2 Qh5 33.Rd4 h6 34.Bg3 Ne6 
35.Rd6 Rc8 36.Qc2 Qg5 37.Qc3 a4 38.Qc4 Qf5 39.Qxa4 Nxc5 40.Qf4 Qxf4 41.
Bxf4 Ne6 42.Bd2 c5 43.a4 Ng5 44.Bxg5 hxg5 45.a5 1-0

[Event "26th EUR-ch"]
[Site "Katowice POL"]
[Date "2026.04.09"]
[Round "3.50"]
[White "Balacek, Tadeas"]
[Black "Dudin, Gleb"]
[Result "1/2-1/2"]
[WhiteElo "2396"]
[BlackElo "2566"]
[EventDate "2026.04.07"]
[PlyCount "50"]

1.Nf3 c5 2.g3 Nc6 3.Bg2 g6 4.c4 Bg7 5.Nc3 d6 6.O-O Bf5 7.h3 e5 8.d3 Nge7 
9.Bg5 f6 10.Bd2 Be6 11.a3 Qd7 12.Kh2 O-O 13.Rb1 h6 14.b4 f5 15.Ng1 f4 16.
Nd5 cxb4 17.axb4 Bxd5 18.cxd5 Nd4 19.e3 Nb5 20.Rc1 Rf6 21.exf4 exf4 22.
Bxf4 Raf8 23.Qg4 Nf5 24.h4 Qf7 25.Nh3 Ne7 1/2-1/2

[Event "26th EUR-ch"]
[Site "Katowice POL"]
[Date "2026.04.09"]
[Round "3.51"]
[White "Borrmann, Laurenz"]
[Black "Andersen, Mads"]
[Result "0-1"]
[WhiteElo "2391"]
[BlackElo "2562"]
[EventDate "2026.04.07"]
[PlyCount "134"]

1.e4 c5 2.Nf3 d6 3.d4 cxd4 4.Nxd4 Nf6 5.Nc3 a6 6.Bc4 e6 7.Be3 Be7 8.Bb3 b5
9.Qf3 b4 10.Nce2 Bb7 11.Nf4 Qd7 12.Nfxe6 fxe6 13.Nxe6 Bxe4 14.Qg3 Bd5 15.
Nxg7+ Kd8 16.Bxd5 Nxd5 17.O-O-O Nxe3 18.Qxe3 Nc6 19.Qe4 Kc8 20.Ne6 Re8 21.
Rhe1 Rb8 22.Qc4 Rb5 23.Nd4 Rb6 24.Nxc6 Qxc6 25.Qf7 Rb7 26.Kb1 Rf8 27.Qxh7 
Rxf2 28.Qg8+ Bd8 29.Qe6+ Rd7 30.Re2 Rf6 31.Qg4 a5 32.c3 Kb8 33.cxb4 axb4 
34.Qxb4+ Rb7 35.Qd4 Rh6 36.Rc2 Qb6 37.Qf4 Rf6 38.Qg4 Rc7 39.Rcd2 Qc5 40.
Qg8 Qf5+ 41.Ka1 Rf8 42.Qg3 Be7 43.Rd3 Qf4 44.Rb3+ Kc8 45.Qh3+ Qf5 46.Qe3 
Kd7 47.a3 Rfc8 48.Rb6 Qe6 49.Qf4 Rc4 50.Qf1 R8c5 51.g3 Kc7 52.Rb3 Bf6 53.
Rb1 Ra4 54.Qf3 Qd5 55.Qxd5 Rxd5 56.Rc1+ Kd7 57.Rf3 Be5 58.Rc2 Ke6 59.Ka2 
Rd1 60.Rff2 Re4 61.Rg2 d5 62.g4 d4 63.g5 d3 64.Rcf2 Rde1 65.g6 R1e2 66.Kb3
d2 67.Kc2 Rc4+ 0-1

[Event "26th EUR-ch"]
[Site "Katowice POL"]
[Date "2026.04.09"]
[Round "3.52"]
[White "Pultinevicius, Paulius"]
[Black "Oktem, Ege Tuna"]
[Result "1-0"]
[WhiteElo "2562"]
[BlackElo "2392"]
[EventDate "2026.04.07"]
[PlyCount "105"]

1.c4 Nf6 2.Nf3 c6 3.d4 d5 4.Nc3 e6 5.g3 Be7 6.Bg2 O-O 7.O-O Nbd7 8.Qd3 b6 
9.e4 Ba6 10.b3 dxc4 11.bxc4 b5 12.cxb5 cxb5 13.e5 Nd5 14.Nxd5 exd5 15.Re1 
Nb6 16.h4 Qc8 17.Ng5 Bxg5 18.Bxg5 Qc6 19.Rac1 Nc4 20.Qf3 Bb7 21.h5 h6 22.
Bf6 Qd7 23.Qf4 Bc8 24.Rc3 Re8 25.Bh4 Qe6 26.Kh2 Bd7 27.g4 Qxg4 28.Qxg4 
Bxg4 29.Bxd5 Rac8 30.Rg1 Bxh5 31.Bf6 g6 32.Rh3 Kf8 33.Rxh5 gxh5 34.Rg7 Re6
35.Bxe6 fxe6 36.d5 Nxe5 37.Bxe5 exd5 38.Rxa7 Rc2 39.Kg2 h4 40.Bd4 Rc4 41.
Bg7+ Ke8 42.Bxh6 d4 43.Ra3 Kf7 44.Rh3 Ke6 45.Rxh4 Kd5 46.Bg7 b4 47.Rxd4+ 
Rxd4 48.Bxd4 Kxd4 49.f4 Ke4 50.Kg3 Kf5 51.Kf3 Kf6 52.Ke4 Ke6 53.Kd4 1-0

[Event "26th EUR-ch"]
[Site "Katowice POL"]
[Date "2026.04.09"]
[Round "3.53"]
[White "Povshednyi, Ivan"]
[Black "Sanal, Vahap"]
[Result "1/2-1/2"]
[WhiteElo "2391"]
[BlackElo "2551"]
[EventDate "2026.04.07"]
[PlyCount "167"]

1.d4 Nf6 2.c4 e6 3.Nc3 Bb4 4.Qc2 d5 5.a3 Bxc3+ 6.Qxc3 O-O 7.Nf3 dxc4 8.
Qxc4 b6 9.Bg5 Ba6 10.Qa4 h6 11.Bh4 c5 12.dxc5 bxc5 13.Rc1 Qb6 14.Bxf6 gxf6
15.Rc2 Nc6 16.e3 Bxf1 17.Kxf1 Rfd8 18.Ke2 Rd5 19.Rhc1 Ne7 20.e4 Rdd8 21.g3
Rab8 22.Kf1 Rd3 23.Kg2 Qb3 24.Qxb3 Rdxb3 25.Rxc5 Rxb2 26.Rc7 R8b7 27.Rxb7 
Rxb7 28.Nd4 Kf8 29.Rc5 Rb6 30.Kf1 Ra6 31.Nc2 Ra4 32.f3 f5 33.exf5 Nxf5 34.
g4 Ne7 35.Ke2 Nd5 36.Kd2 Kg7 37.Rc8 h5 38.gxh5 a5 39.Ra8 Rf4 40.Ne1 a4 41.
Ra7 Nb6 42.Nd3 Rxf3 43.Ne5 Rf5 44.h6+ Kxh6 45.Nxf7+ Kg6 46.Nh8+ Kg5 47.
Rg7+ Kf4 48.Rg3 Rh5 49.Ng6+ Kf5 50.Ne7+ Kf6 51.Nc6 Rxh2+ 52.Kd3 e5 53.Rg8 
Rh3+ 54.Ke4 Rh4+ 55.Kd3 Nd7 56.Re8 Nc5+ 57.Kc3 Ne6 58.Ra8 Rh3+ 59.Kc4 Rh4+
60.Kc3 Nd4 61.Nb4 Nb5+ 62.Kd3 Rh3+ 63.Kc4 Nxa3+ 64.Kc5 Rc3+ 65.Kb6 Rb3 66.
Kc5 Rc3+ 67.Kb6 Nc4+ 68.Kb5 Ke6 69.Rxa4 Nd6+ 70.Kb6 Rc4 71.Ka5 e4 72.Ra1 
Ke5 73.Ka4 Rc3 74.Na2 Rc8 75.Kb3 Nb5 76.Rh1 e3 77.Rh5+ Kf4 78.Rxb5 e2 79.
Nb4 Rd8 80.Nc2 Rd2 81.Ne1 Rd1 82.Kc2 Rxe1 83.Kd2 Rg1 84.Kxe2 1/2-1/2

[Event "26th EUR-ch"]
[Site "Katowice POL"]
[Date "2026.04.09"]
[Round "3.54"]
[White "Lazov, Toni"]
[Black "Gavrilescu, David"]
[Result "0-1"]
[WhiteElo "2389"]
[BlackElo "2545"]
[EventDate "2026.04.07"]
[PlyCount "62"]

1.e4 e5 2.Nf3 Nc6 3.Bc4 Nf6 4.d3 Be7 5.O-O O-O 6.Re1 d6 7.a4 Be6 8.a5 Bxc4
9.dxc4 b6 10.Bd2 Re8 11.axb6 axb6 12.Nc3 Na5 13.Qe2 Nb7 14.Nd5 Rxa1 15.
Rxa1 Nc5 16.Nxf6+ Bxf6 17.Bb4 Ne6 18.g3 Qd7 19.Qd3 h5 20.Kh1 h4 21.Ng1 g6 
22.Bd2 Kg7 23.Be3 Rh8 24.Kg2 Bg5 25.Ra7 hxg3 26.hxg3 Bxe3 27.fxe3 Ng5 28.
b4 Qg4 29.Rxc7 Nxe4 30.Ne2 Qh3+ 31.Kf3 Qh1+ 0-1

[Event "26th EUR-ch"]
[Site "Katowice POL"]
[Date "2026.04.09"]
[Round "3.55"]
[White "Seemann, Jakub"]
[Black "Niedbala, Bartlomiej"]
[Result "1/2-1/2"]
[WhiteElo "2545"]
[BlackElo "2382"]
[EventDate "2026.04.07"]
[PlyCount "82"]

1.e4 c5 2.Nf3 d6 3.Bb5+ Bd7 4.c4 Nc6 5.Nc3 e5 6.d3 Nge7 7.O-O Ng6 8.a3 Be7
9.Rb1 O-O 10.b4 f5 11.bxc5 dxc5 12.Ba4 fxe4 13.dxe4 Nd4 14.Bxd7 Qxd7 15.
Nxd4 cxd4 16.Nd5 b6 17.Qb3 Kh8 18.Bd2 Rac8 19.Qd3 Rf7 20.Rb5 Bc5 21.Qg3 
Be7 22.Qd3 Bc5 23.f3 h6 24.a4 Qc6 25.a5 bxa5 26.Rxa5 Bb6 27.Ra3 Bc5 28.Ra2
Rb7 29.Rfa1 Bb6 30.Ra4 Nf8 31.Nxb6 axb6 32.Rb4 Nd7 33.Qb1 Qe6 34.Qa2 Rbc7 
35.Rc1 Nc5 36.Qb1 Rc6 37.h3 Ra8 38.Rb5 Kg8 39.Kh2 Kh8 40.Be1 Rac8 41.Bg3 
Ra8 1/2-1/2

[Event "26th EUR-ch"]
[Site "Katowice POL"]
[Date "2026.04.09"]
[Round "3.56"]
[White "Svanda, Ondrej"]
[Black "Warmerdam, Max"]
[Result "1/2-1/2"]
[WhiteElo "2385"]
[BlackElo "2545"]
[EventDate "2026.04.07"]
[PlyCount "67"]

1.e4 c5 2.Nf3 e6 3.d4 cxd4 4.Nxd4 a6 5.Bd3 Bc5 6.Nb3 Be7 7.Qg4 Nf6 8.Qxg7 
Rg8 9.Qh6 Nc6 10.Nc3 b5 11.Be3 Ne5 12.Bd4 d6 13.O-O-O Neg4 14.Qd2 e5 15.
Be3 Nxe3 16.fxe3 b4 17.Nd5 Nxd5 18.exd5 a5 19.Rhf1 a4 20.Qf2 Rg7 21.Nd2 
Qa5 22.Kb1 Ba6 23.Bxa6 Qxa6 24.Ne4 Qc4 25.Nf6+ Bxf6 26.Qxf6 b3 27.Qxg7 
bxc2+ 28.Ka1 cxd1=Q+ 29.Rxd1 Ra5 30.Qg8+ Ke7 31.Qg5+ Ke8 32.Qg8+ Ke7 33.
Qg5+ Ke8 34.Qg8+ 1/2-1/2

[Event "26th EUR-ch"]
[Site "Katowice POL"]
[Date "2026.04.09"]
[Round "3.58"]
[White "Sieciechowicz, Marcin"]
[Black "Subelj, Jan"]
[Result "0-1"]
[WhiteElo "2383"]
[BlackElo "2543"]
[EventDate "2026.04.07"]
[PlyCount "108"]

1.d4 Nf6 2.c4 c6 3.Nc3 d5 4.Nf3 e6 5.Bg5 h6 6.Bh4 dxc4 7.e4 g5 8.Bg3 b5 9.
Be2 Bb7 10.O-O Nbd7 11.Ne5 Bg7 12.Nxf7 Kxf7 13.e5 Nd5 14.Ne4 Ke7 15.Nd6 
Rb8 16.a4 c5 17.dxc5 Qc7 18.Bg4 Nxc5 19.axb5 Nf4 20.Rxa7 Bxe5 21.Nxc4 Rhd8
22.Qc2 Ncd3 23.Bf3 Kf6 24.Qb3 Bd4 25.Bxf4 gxf4 26.b6 Qc8 27.Rxb7 Rxb7 28.
Qb5 Rb8 29.Bc6 Bxb6 30.Qh5 Qxc6 31.Qxh6+ Ke7 32.Qh7+ Ke8 33.Qg6+ Kd7 34.
Qxd3+ Kc7 35.Qc3 Rd5 36.Nxb6 Rxb6 37.Qg7+ Qd7 38.Qc3+ Kb7 39.Qf3 Rb4 40.h3
e5 41.Re1 Qc6 42.Kh2 Rbb5 43.Qa3 Qc5 44.Qf3 Qd4 45.Re2 Kb6 46.Qg4 f3 47.
Qxf3 Qf4+ 48.Qxf4 exf4 49.Re4 Rf5 50.b4 Rbe5 51.Rxe5 Rxe5 52.h4 Kc6 53.Kh3
Kd5 54.Kg4 Re2 0-1

[Event "26th EUR-ch"]
[Site "Katowice POL"]
[Date "2026.04.09"]
[Round "3.59"]
[White "Vagman, Roy"]
[Black "Razafindratsima, Timothe"]
[Result "1/2-1/2"]
[WhiteElo "2377"]
[BlackElo "2537"]
[EventDate "2026.04.07"]
[PlyCount "196"]

1.e4 e6 2.d4 d5 3.Nd2 c5 4.Ngf3 Nf6 5.exd5 exd5 6.Bb5+ Bd7 7.Bxd7+ Nbxd7 
8.O-O Be7 9.Re1 O-O 10.Nf1 Re8 11.dxc5 Nxc5 12.Be3 Nce4 13.h3 b5 14.Bd4 a5
15.a3 Bf8 16.Ne3 Qd7 17.Ne5 Qc7 18.N5g4 Nxg4 19.Qxg4 Nxf2 20.Nxd5 Qd6 21.
Qf5 Nxh3+ 22.gxh3 Rxe1+ 23.Rxe1 Rd8 24.Nf6+ gxf6 25.Re4 Qg3+ 26.Kf1 Bg7 
27.c3 Qg6 28.Rf4 b4 29.Qxg6 fxg6 30.axb4 axb4 31.Bb6 Rd1+ 32.Ke2 Rh1 33.
Rxb4 Rxh3 34.c4 f5 35.c5 Bxb2 36.c6 Be5 37.Rb5 Bf4 38.Rb4 g5 39.Bd4 Rh2+ 
40.Kd3 Rh6 41.Rc4 Rh3+ 42.Ke2 Rh2+ 43.Kf1 Bc7 44.Rc5 Rh4 45.Rd5 Kf7 46.
Rxf5+ Ke6 47.Rxg5 Rxd4 48.Rg7 Bf4 49.Rxh7 Rd2 50.Rb7 Rc2 51.Rb3 Kd5 52.Rb4
Be5 53.Ke1 Ra2 54.Kd1 Kxc6 55.Rc4+ Kd5 56.Rc2 Ra3 57.Ke2 Ke4 58.Rd2 Bd4 
59.Kf1 Ra1+ 60.Ke2 Rh1 61.Rc2 Rh3 62.Rd2 Bc3 63.Rc2 Rf3 64.Ra2 Bd4 65.Rc2 
Rh3 66.Kd1 Rh1+ 67.Ke2 Rg1 68.Rd2 Bc3 69.Rc2 Rg3 70.Kf2 Kf4 71.Ke2 Rh3 72.
Rc1 Re3+ 73.Kd1 Ke4 74.Kc2 Kd4 75.Rd1+ Kc4 76.Rd8 Re2+ 77.Kd1 Rg2 78.Rf8 
Kb3 79.Rf3 Kc4 80.Rf4+ Kd3 81.Rf3+ Kd4 82.Kc1 Bd2+ 83.Kc2 Be3+ 84.Kb3 Rg1 
85.Rh3 Rb1+ 86.Kc2 Rc1+ 87.Kb2 Rc6 88.Kb3 Kd3 89.Rg3 Rb6+ 90.Ka3 Kd4 91.
Ka2 Bd2 92.Rb3 Rc6 93.Kb2 Kc4 94.Rh3 Rf6 95.Rh4+ Kd3 96.Rh3+ Be3 97.Kb3 
Rh6 98.Rxh6 Bxh6 1/2-1/2

[Event "26th EUR-ch"]
[Site "Katowice POL"]
[Date "2026.04.09"]
[Round "3.60"]
[White "Ambartsumian, Tyhran"]
[Black "Kosakowski, Jakub"]
[Result "0-1"]
[WhiteElo "2372"]
[BlackElo "2533"]
[EventDate "2026.04.07"]
[PlyCount "78"]

1.e4 c5 2.Nf3 e6 3.d4 cxd4 4.Nxd4 Nc6 5.Nc3 a6 6.Nxc6 bxc6 7.Qd3 d5 8.Qg3 
h5 9.h4 d4 10.Nb1 Nf6 11.Nd2 Ng4 12.Nc4 Bb4+ 13.Bd2 Bxd2+ 14.Kxd2 O-O 15.
Bd3 a5 16.f3 Ne3 17.Nxe3 dxe3+ 18.Ke2 Qd4 19.Rhd1 Qxb2 20.Rab1 Qxa2 21.Qe5
Ba6 22.Qc3 Bxd3+ 23.Kxd3 e5 24.Kxe3 Qe6 25.Qc5 a4 26.Qd6 Qc4 27.Qxe5 a3 
28.c3 a2 29.Rb4 Qa6 30.Ra1 Qa3 31.Qc5 Rfd8 32.Kf4 Ra4 33.Qc4 Rxb4 34.cxb4 
Rd2 35.Qxc6 Kh7 36.Qc5 Rxg2 37.Qf5+ Rg6 38.Rd1 Kh6 39.Qe5 Rf6+ 0-1

[Event "26th EUR-ch"]
[Site "Katowice POL"]
[Date "2026.04.09"]
[Round "3.61"]
[White "Hulka, Valentyn"]
[Black "Meshkovs, Nikita"]
[Result "0-1"]
[WhiteElo "2372"]
[BlackElo "2532"]
[EventDate "2026.04.07"]
[PlyCount "80"]

1.c4 e5 2.g3 Nc6 3.Bg2 f5 4.Nc3 Nf6 5.b3 g6 6.d3 Bg7 7.e3 e4 8.Nge2 d5 9.
O-O dxc4 10.dxc4 Qe7 11.Nb5 Nb4 12.Qd2 a5 13.Bb2 O-O 14.Rad1 Be6 15.Bc3 
Rfd8 16.Qb2 c6 17.Nbd4 Bf7 18.Nc1 c5 19.Nde2 g5 20.a3 Nc6 21.a4 Bh5 22.Rd2
Rxd2 23.Qxd2 Rd8 24.Qc2 Nb4 25.Bxb4 axb4 26.Rd1 Rxd1+ 27.Qxd1 Qd7 28.Qxd7 
Nxd7 29.h3 Bf3 30.g4 fxg4 31.hxg4 Bb2 32.Kf1 Nf6 33.a5 Bxg4 34.Ke1 h5 35.
Kd2 h4 36.Ng1 Bc3+ 37.Kc2 Bf5 38.Kd1 g4 39.Nge2 Be5 40.Nf4 Bc7 0-1

[Event "26th EUR-ch"]
[Site "Katowice POL"]
[Date "2026.04.09"]
[Round "3.62"]
[White "Wadsworth, Matthew"]
[Black "Morkunas, Gustas"]
[Result "1-0"]
[WhiteElo "2532"]
[BlackElo "2350"]
[EventDate "2026.04.07"]
[PlyCount "99"]

1.d4 d5 2.c4 e6 3.Nc3 a6 4.cxd5 exd5 5.Nf3 Nf6 6.Bg5 c6 7.e3 Bd6 8.Bd3 Be6
9.Qb3 b5 10.Qc2 h6 11.Bf4 O-O 12.O-O Qe7 13.Ne2 Rc8 14.Rac1 Nbd7 15.h3 c5 
16.Bxd6 Qxd6 17.dxc5 Nxc5 18.Ned4 Nce4 19.Qe2 Bd7 20.Rfd1 Qe7 21.Bc2 g6 
22.Bb3 Nd6 23.Ne1 a5 24.a3 Nc4 25.Nd3 Kg7 26.Ba2 Ra7 27.b3 Nb6 28.Rxc8 
Nxc8 29.Qb2 Nb6 30.Nf4 Rc7 31.Bb1 a4 32.Bd3 axb3 33.Bxb5 Bxb5 34.Nxb5 Rc8 
35.Qxb3 g5 36.Nd4 Qe4 37.Nfe6+ fxe6 38.Qxb6 Re8 39.Rc1 g4 40.hxg4 Nxg4 41.
Qb7+ Kg6 42.Nf3 Rf8 43.Rc7 Kh5 44.Rg7 e5 45.Nd2 Qc2 46.Qb4 Qd1+ 47.Nf1 Rf6
48.Qe7 Qe1 49.Qe8+ Kh4 50.g3+ 1-0

[Event "26th EUR-ch"]
[Site "Katowice POL"]
[Date "2026.04.09"]
[Round "3.63"]
[White "Mastrovasilis, Dimitrios"]
[Black "Atoyan, Alberto"]
[Result "1/2-1/2"]
[WhiteElo "2526"]
[BlackElo "2342"]
[EventDate "2026.04.07"]
[PlyCount "85"]

1.Nf3 Nf6 2.c4 e6 3.Nc3 d5 4.cxd5 exd5 5.d4 c6 6.Bf4 Bd6 7.Bxd6 Qxd6 8.e3 
Bg4 9.Qb3 Nbd7 10.Qxb7 O-O 11.Qa6 Rab8 12.Bd3 Bxf3 13.gxf3 Rxb2 14.O-O 
Rfb8 15.Rab1 Rxb1 16.Rxb1 Rxb1+ 17.Bxb1 Qc7 18.Bf5 g6 19.Bh3 Kg7 20.Qa3 c5
21.Bxd7 cxd4 22.Nb5 Qxd7 23.Nxd4 Qb7 24.Kg2 Qd7 25.Qb2 Qd6 26.Qb7 Qb6 27.
Qe7 a6 28.a4 a5 29.Nb5 Ng8 30.Qe5+ Nf6 31.Qc3 Kg8 32.Nd4 Nd7 33.Qc8+ Nf8 
34.Qe8 Qc7 35.Qa8 Qc5 36.Qb8 Kg7 37.Qe5+ Kg8 38.h4 h5 39.f4 Qc4 40.Qe8 Qd3
41.f5 gxf5 42.Nc6 f4 43.exf4 1/2-1/2

[Event "26th EUR-ch"]
[Site "Katowice POL"]
[Date "2026.04.09"]
[Round "3.64"]
[White "Petkov, Momchil"]
[Black "Dubnevych, Maksym"]
[Result "1/2-1/2"]
[WhiteElo "2517"]
[BlackElo "2341"]
[EventDate "2026.04.07"]
[PlyCount "138"]

1.e4 e5 2.Nf3 Nc6 3.Bb5 a6 4.Ba4 Nf6 5.O-O Nxe4 6.d4 Be7 7.Re1 b5 8.Rxe4 
d5 9.Nxe5 Nxe5 10.Bxb5+ axb5 11.Rxe5 O-O 12.Bf4 g5 13.Bc1 f6 14.Re1 Bd6 
15.Nd2 c6 16.Nf1 Bf5 17.Bd2 Qd7 18.a3 Rfe8 19.Qf3 Kg7 20.Qb3 Rxe1 21.Rxe1 
Re8 22.Rxe8 Qxe8 23.Qe3 Qe4 24.Qxe4 Bxe4 25.Ne3 Bf4 26.Nf1 Bd6 27.c3 Bd3 
28.h3 h5 29.Be3 Kg6 30.Nd2 Bc2 31.Nf3 Kf5 32.Nd2 Kg6 33.Kf1 f5 34.f3 f4 
35.Bf2 h4 36.Ke2 Kf6 37.Nf1 Ke6 38.Nh2 Bf5 39.Kd2 Kd7 40.Ng4 Ke6 41.Be1 
Bh7 42.Ke2 Bc2 43.Kd2 Bb3 44.Bf2 Bc4 45.Ke1 Bd3 46.Nh2 Kd7 47.Kd2 Bf5 48.
Ng4 Ke6 49.Be1 Bh7 50.Nf2 Kd7 51.Nd3 Kc7 52.Bf2 Bf5 53.b3 Kb6 54.Ne5 Kc7 
55.Nd3 Kb6 56.Ne5 Kc7 57.a4 bxa4 58.bxa4 Bc8 59.c4 Ba6 60.Kc3 Be7 61.cxd5 
cxd5 62.Nd3 Kb6 63.Be1 Bc4 64.Kc2 Bd6 65.Bc3 Be7 66.Kd2 Bd6 67.Kc2 Be7 68.
Kd2 Bd6 69.Kc2 Be7 1/2-1/2

[Event "26th EUR-ch"]
[Site "Katowice POL"]
[Date "2026.04.09"]
[Round "3.65"]
[White "Beydullayeva, Govhar"]
[Black "Royal, Shreyas"]
[Result "1-0"]
[WhiteElo "2358"]
[BlackElo "2515"]
[EventDate "2026.04.07"]
[PlyCount "59"]

1.d4 Nf6 2.c4 e6 3.Nf3 d5 4.Nc3 Bb4 5.Qa4+ Nc6 6.a3 Bxc3+ 7.bxc3 Bd7 8.
cxd5 exd5 9.Bf4 O-O 10.e3 Ne5 11.Qb4 Nxf3+ 12.gxf3 b6 13.h4 Rc8 14.Bd3 c5 
15.Qb1 cxd4 16.cxd4 Qe7 17.Kd2 Rc6 18.Be5 Rfc8 19.Qb4 Qe6 20.Rac1 a5 21.
Rxc6 Bxc6 22.Qb1 g6 23.h5 Nd7 24.hxg6 Nxe5 25.gxf7+ Nxf7 26.Bxh7+ Kg7 27.
Bf5 Qe8 28.Rh7+ Kg8 29.Qg1+ Kf8 30.Bxc8 1-0

[Event "26th EUR-ch"]
[Site "Katowice POL"]
[Date "2026.04.09"]
[Round "3.66"]
[White "Aslanov, Umid"]
[Black "Boruchovsky, Avital"]
[Result "1/2-1/2"]
[WhiteElo "2368"]
[BlackElo "2510"]
[EventDate "2026.04.07"]
[PlyCount "136"]

1.e4 c5 2.Nf3 Nc6 3.d4 cxd4 4.Nxd4 e5 5.Nb5 d6 6.c4 g6 7.N1c3 a6 8.Na3 Bg7
9.Bd3 Be6 10.Nc2 Rc8 11.Nd5 Nge7 12.O-O O-O 13.b4 f5 14.Rb1 b5 15.cxb5 
axb5 16.Bg5 h6 17.Bxe7 Nxe7 18.Bxb5 fxe4 19.Nce3 Nf5 20.Be2 h5 21.b5 Nxe3 
22.Nxe3 Bxa2 23.Rb2 Be6 24.Rd2 d5 25.Nxd5 Qg5 26.Ne3 Rf7 27.Rd6 Qe7 28.Nd5
Bxd5 29.Qxd5 Kh7 30.Rc6 Rxc6 31.bxc6 e3 32.fxe3 Rxf1+ 33.Bxf1 Bh6 34.Qb3 
Qc5 35.Qf7+ Bg7 36.Qf3 Qc2 37.Qd5 e4 38.Qc4 Qxc4 39.Bxc4 Be5 40.h4 g5 41.
hxg5 Kg6 42.Bd5 Kxg5 43.Bxe4 h4 44.Kf2 Bc7 45.Kf3 Bb8 46.Bd3 Bc7 47.Ke4 
Kf6 48.Kd5 Bb8 49.Kc5 Bc7 50.Kb5 Ke7 51.Bf5 Kd8 52.e4 Ke7 53.Kc5 Kf6 54.
Kd4 Bb8 55.Ke3 Bc7 56.Kf3 Kg5 57.Bh3 Bb8 58.Ke3 Kf6 59.Kd4 Bc7 60.Kc4 Ke7 
61.Kb5 Kd8 62.Ka6 Ke7 63.Kb7 Kd8 64.Bf5 Be5 65.Kb6 Bc7+ 66.Kb7 Be5 67.Bg4 
Bc7 68.Bh3 Be5 1/2-1/2

[Event "26th EUR-ch"]
[Site "Katowice POL"]
[Date "2026.04.09"]
[Round "3.67"]
[White "Yeritsian, Hayk"]
[Black "Nasuta, Grzegorz"]
[Result "1/2-1/2"]
[WhiteElo "2342"]
[BlackElo "2506"]
[EventDate "2026.04.07"]
[PlyCount "45"]

1.e4 c5 2.Nf3 d6 3.Bb5+ Nd7 4.d4 cxd4 5.Nxd4 Nf6 6.O-O e5 7.Nf5 a6 8.Bd3 
Nc5 9.Nc3 d5 10.Bg5 dxe4 11.Bxe4 Ncxe4 12.Nxg7+ Bxg7 13.Qxd8+ Kxd8 14.Nxe4
Ke7 15.f4 Ke6 16.f5+ Ke7 17.Rad1 a5 18.Rd5 Ra6 19.Re1 Kf8 20.Rd8+ Ke7 21.
Rd5 Kf8 22.Rd8+ Ke7 23.Rd5 1/2-1/2

[Event "26th EUR-ch"]
[Site "Katowice POL"]
[Date "2026.04.09"]
[Round "3.68"]
[White "Travadon, Loic"]
[Black "Csiki, Endre"]
[Result "1/2-1/2"]
[WhiteElo "2505"]
[BlackElo "2339"]
[EventDate "2026.04.07"]
[PlyCount "135"]

1.e4 c5 2.Nf3 e6 3.Nc3 a6 4.d4 cxd4 5.Qxd4 Nc6 6.Qe3 Be7 7.e5 d5 8.exd6 
Qxd6 9.Be2 Nf6 10.O-O O-O 11.Rd1 Qc7 12.a3 b5 13.Nd4 Bb7 14.Nxc6 Bxc6 15.
Qg3 Qxg3 16.hxg3 Rfd8 17.Be3 Kf8 18.Rxd8+ Rxd8 19.Bb6 Rb8 20.Ba5 Ke8 21.
Bd3 h6 22.Re1 Nd7 23.Ne4 Rc8 24.Bc3 Kf8 25.Bd4 Bd5 26.Nc3 Bc5 27.Bxc5+ 
Nxc5 28.Be2 Bb7 29.f3 Ke7 30.Kf2 Nd7 31.Rh1 Nb6 32.Bd3 Nc4 33.Bxc4 Rxc4 
34.Ke3 e5 35.g4 Ke6 36.Rc1 f6 37.Ne2 Rc7 38.c3 Bd5 39.Rd1 a5 40.Ng3 g6 41.
Rh1 Rh7 42.Ne4 Bxe4 43.fxe4 h5 44.gxh5 gxh5 45.Rd1 b4 46.cxb4 axb4 47.a4 
Rg7 48.Rd2 b3 49.a5 Rc7 50.Rd8 Ra7 51.Rd5 Rg7 52.Kf3 f5 53.Rb5 fxe4+ 54.
Kxe4 Rg4+ 55.Kf3 Ra4 56.Ke3 Ra2 57.Rb6+ Kf5 58.Rxb3 Rxa5 59.Rb8 Ra1 60.b4 
Ra3+ 61.Kf2 Rb3 62.b5 Kf4 63.g3+ Ke4 64.b6 Rb2+ 65.Kg1 Ke3 66.b7 e4 67.Kf1
Rf2+ 68.Kg1 1/2-1/2